Multiple Choice City Quiz – Bengaluru - Statistics

General Stats
  • This quiz has been taken 21 times
  • The average score is 5 of 10
Answer Stats
Question Answer % Correct
Which of the following is the main language spoken in Bengaluru? Kannada
84%
Bengaluru is also called as the Silicon Valley of India
74%
Which of these cities is the closest to Bengaluru? Chennai
68%
Who is credited with the founding of Bengaluru? Kempe Gowda I
58%
Which of the following is a famous landmark found in Bengaluru? Vidhana Soudha
58%
What is the original meaning of the name 'Bengaluru' according to popular legends? Town of boiled beans
53%
Which of the following sports teams do NOT hail from Bengaluru? Bengaluru Cheetahs
42%
Which of the following districts is NOT a part of Bengaluru? Bengaluru Suburban
37%
Which of the following historical figures visited Bengaluru at some point? Winston Churchill
32%
With which of these following cities Bengaluru does NOT have a sister city relationship? Munich, Germany
16%
No matching quizzes found
Score Distribution
Percent of People with Each Score
Percentile by Number Answered
Your Score History
You have not taken this quiz